[Event "11th European Club Cup for Wom"]
[Site "?"]
[Date "2006.10.13"]
[Round "6"]
[White "Chelushkina, Irina"]
[Black "Lomineishvili, Maia"]
[Result "0-1"]
[WhiteElo "2353"]
[BlackElo "2382"]
[PlyCount "122"]
[EventDate "2006.10.08"]

1. e4 c5 2. Nf3 d6 3. d4 cxd4 4. Nxd4 Nf6 5. Nc3 Nc6 6. Be2 e5 7. Nf3 h6 8. O-O
Be7 9. h3 O-O 10. Re1 Be6 11. Bf1 Qd7 12. a4 Nh7 13. a5 Ng5 14. Nxg5 Bxg5 15.
Bxg5 hxg5 16. Bb5 Qc7 17. Bxc6 bxc6 18. Qd2 g4 19. hxg4 Bxg4 20. Nd1 Be6 21.
Ne3 f5 22. exf5 Bxf5 23. c4 Be6 24. Ra3 Rad8 25. Rd3 Qf7 26. Nd1 Qc7 27. Ne3
Qf7 28. c5 d5 29. Nc4 e4 30. Rd4 Qf6 31. Nd6 Rb8 32. b4 Qg6 33. Re3 Rf3 34. Kf1
Qh5 35. Rxf3 exf3 36. gxf3 Qxf3 37. Qe3 Bh3+ 38. Ke1 Qh1+ 39. Kd2 Qa1 40. Qc3
Qf1 41. Rf4 Rf8 42. Rxf8+ Kxf8 43. Qe3 Kg8 44. Qe8+ Kh7 45. Qh5+ Kg8 46. Qf7+
Kh8 47. Qf3 Kg8 48. b5 Be6 49. b6 axb6 50. axb6 Qb1 51. Qc3 Bg4 52. f3 Bh3 53.
b7 Bf1 54. Ke3 Ba6 55. Kf4 Bxb7 56. Nf5 Qg1 57. Qb2 Ba6 58. Ne7+ Kf7 59. Nxc6
g5+ 60. Ke5 Qxc5 61. Nd4 Qc7+ 0-1

[Event "11th European Club Cup for Wom"]
[Site "?"]
[Date "2006.10.13"]
[Round "6"]
[White "Kosintseva, Tatiana"]
[Black "Matveeva, Svetlana"]
[Result "1/2-1/2"]
[WhiteElo "2458"]
[BlackElo "2415"]
[PlyCount "116"]
[EventDate "2006.10.08"]

1. e4 e6 2. d4 d5 3. Nc3 Nf6 4. e5 Nfd7 5. f4 c5 6. Nf3 Nc6 7. Be3 Rb8 8. Qd2
Qa5 9. a3 b5 10. Ra2 Be7 11. dxc5 b4 12. axb4 Qxb4 13. Ne2 Bxc5 14. Bxc5 Qxc5
15. Ned4 Nxd4 16. Nxd4 O-O 17. Be2 Qb6 18. O-O f6 19. exf6 Nxf6 20. c3 Ne4 21.
Qe3 Bb7 22. Bd3 Rf7 23. Re1 Rbf8 24. Nf3 Nc5 25. Bc2 Rxf4 26. b4 Ne4 27. Rxa7
Qc7 28. Bd3 Qc8 29. Bxe4 Rxe4 30. Qc5 Rxe1+ 31. Nxe1 Qxc5+ 32. bxc5 Bc6 33. Nf3
Bb5 34. Kf2 e5 35. Ke3 Re8 36. Ng5 h6 37. Nf7 Rc8 38. Nxe5 Rxc5 39. Kd4 Rc8 40.
g3 Bf1 41. Ra1 Bh3 42. g4 Kh7 43. Rg1 h5 44. gxh5 Bf5 45. Rg3 Be6 46. Rg6 Bg8
47. Rc6 Rf8 48. h6 Rf4+ 49. Kc5 Re4 50. Nd7 Rc4+ 51. Kb6 Rf4 52. hxg7 Kxg7 53.
Ne5 d4 54. c4 d3 55. Rg6+ Kh7 56. Rd6 Bxc4 57. Nxc4 Rxc4 58. Rxd3 Rc2 1/2-1/2

[Event "11th European Club Cup for Wom"]
[Site "?"]
[Date "2006.10.13"]
[Round "6"]
[White "Korbut, Ekaterina"]
[Black "Kosintseva, Nadezhda"]
[Result "0-1"]
[WhiteElo "2435"]
[BlackElo "2493"]
[PlyCount "110"]
[EventDate "2006.10.08"]

1. e4 c5 2. Nf3 d6 3. d4 cxd4 4. Nxd4 Nf6 5. Nc3 Nc6 6. Bg5 e6 7. Qd2 Be7 8.
O-O-O Qb6 9. f3 Qxd4 10. Qxd4 Nxd4 11. Rxd4 a6 12. Na4 Nd7 13. Be3 b5 14. Nc3
Ne5 15. Rd2 O-O 16. Be2 Bb7 17. a3 Rac8 18. Bf4 Rc5 19. Kb1 Rfc8 20. Rhd1 g6
21. g4 f6 22. Bg3 Kf7 23. h3 g5 24. Rf1 Kg7 25. Nd1 Nf7 26. Ne3 Rh8 27. c3 h5
28. Nc2 hxg4 29. hxg4 Ne5 30. Nd4 Kf7 31. Rg1 Rcc8 32. Bd1 Nc4 33. Re2 d5 34.
Bc2 Rh3 35. a4 b4 36. cxb4 Bxb4 37. e5 Bc5 38. Bf2 Nxe5 39. Nxe6 Kxe6 40. Bf5+
Kd6 41. Bxc8 Bxf2 42. Rc1 Bxc8 43. Rxc8 Rxf3 44. Ra8 Nxg4 45. Rxa6+ Kd7 46.
Ree6 Ne5 47. Rad6+ Kc7 48. Rxf6 g4 49. Rfe6 g3 50. Rxd5 g2 51. Rd1 Bg3 52. Re7+
Kc6 53. b4 Rf1 54. Re6+ Kb7 55. Re7+ Nd7 0-1

[Event "11th European Club Cup for Wom"]
[Site "?"]
[Date "2006.10.13"]
[Round "6"]
[White "Muzychuk, Anna"]
[Black "Sudakova, Irina"]
[Result "1-0"]
[WhiteElo "2452"]
[BlackElo "2392"]
[PlyCount "93"]
[EventDate "2006.10.08"]

1. e4 c5 2. Nf3 d6 3. d4 cxd4 4. Nxd4 Nf6 5. Nc3 Nc6 6. Be2 e5 7. Nf3 h6 8. O-O
Be7 9. Re1 O-O 10. h3 Be6 11. Bf1 Nb8 12. b3 a6 13. a4 Qc7 14. Bb2 Nbd7 15. a5
Rfd8 16. Nd2 d5 17. exd5 Nxd5 18. Nxd5 Bxd5 19. Nc4 Be6 20. Qf3 Bf6 21. Qg3 Re8
22. Rad1 Rad8 23. Nd6 Rf8 24. Bc4 Bxc4 25. Nxc4 g6 26. Rd6 Bg7 27. Red1 Kh7 28.
Qh4 Bf6 29. Qg4 h5 30. Qe2 Be7 31. R6d5 f6 32. f4 Bc5+ 33. Kh1 exf4 34. Qd3 Rf7
35. Rxh5+ Kg7 36. Rg5 Rh8 37. Qxg6+ Kf8 38. Rgd5 f3 39. Qxf7+ Kxf7 40. Rxd7+
Qxd7 41. Rxd7+ Ke6 42. Rd1 f2 43. Bc1 Kf7 44. Rf1 Re8 45. g3 Re2 46. Bd2 Ke6
47. Kg2 1-0

[Event "11th European Club Cup for Wom"]
[Site "?"]
[Date "2006.10.13"]
[Round "6"]
[White "Komiagina, Maria"]
[Black "Steil Antoni, Fiona"]
[Result "1-0"]
[WhiteElo "2326"]
[BlackElo "2029"]
[PlyCount "57"]
[EventDate "2006.10.08"]

1. e4 e5 2. Nf3 Nc6 3. Bb5 a6 4. Ba4 Nf6 5. O-O Nxe4 6. d4 b5 7. Bb3 d5 8. dxe5
Be6 9. c3 Bc5 10. Nbd2 O-O 11. Bc2 Nxf2 12. Rxf2 f6 13. exf6 Bxf2+ 14. Kxf2
Qxf6 15. Kg1 Bg4 16. Bd3 Rae8 17. Bf1 Re3 18. h3 Bh5 19. Ne4 dxe4 20. Bxe3 Rd8
21. Qb3+ Bf7 22. Bg5 Qg6 23. Qc2 Rd5 24. c4 Rd6 25. cxb5 exf3 26. Qxg6 Rxg6 27.
bxc6 Rxg5 28. Rd1 Bd5 29. Rxd5 1-0

[Event "11th European Club Cup for Wom"]
[Site "?"]
[Date "2006.10.13"]
[Round "6"]
[White "Johansson, Viktoria"]
[Black "Medic, Mirjana"]
[Result "0-1"]
[WhiteElo "2234"]
[BlackElo "2285"]
[PlyCount "120"]
[EventDate "2006.10.08"]

1. d4 e6 2. c4 f5 3. g3 Nf6 4. Bg2 d5 5. Nh3 c6 6. Qc2 Bd6 7. O-O O-O 8. Nd2
Qe7 9. Nf3 Ne4 10. Ne5 Nd7 11. f3 Nef6 12. Nd3 c5 13. dxc5 Nxc5 14. Nxc5 Bxc5+
15. Kh1 Bd7 16. cxd5 exd5 17. Bg5 Be3 18. Nf4 Bxf4 19. Bxf4 Rfe8 20. Rfe1 Rac8
21. Qb3 Be6 22. Rad1 b6 23. Qd3 Nd7 24. Qd2 Qf7 25. e4 dxe4 26. fxe4 fxe4 27.
Bxe4 Nf6 28. Bg2 Bxa2 29. Rxe8+ Rxe8 30. Bc6 Rf8 31. Qd6 h6 32. Kg1 Ng4 33. Re1
Qh5 34. h4 Nf6 35. Re7 a5 36. Qc7 Qg4 37. Bd6 Nh5 38. Re1 Qd4+ 39. Kh1 Bd5+ 40.
Bxd5+ Qxd5+ 41. Kg1 Qd4+ 42. Kh1 Rf2 43. Qc6 Nf6 44. Bf4 Re2 45. Rxe2 Qd1+ 46.
Kg2 Qxe2+ 47. Kg1 Qd1+ 48. Kg2 Qd5+ 49. Qxd5+ Nxd5 50. Be5 g6 51. Kf3 Kf7 52.
Ke4 Ke6 53. Kd4 h5 54. Ke4 b5 55. Kd4 a4 56. Bg7 b4 57. Bf8 Ne7 58. Ke4 a3 59.
bxa3 bxa3 60. Kf4 Kf7 0-1

[Event "11th European Club Cup for Wom"]
[Site "?"]
[Date "2006.10.13"]
[Round "6"]
[White "Kruljac, Petra"]
[Black "Jiretorn, Eva"]
[Result "0-1"]
[WhiteElo "2033"]
[BlackElo "2109"]
[PlyCount "104"]
[EventDate "2006.10.08"]

1. d4 Nf6 2. c4 e5 3. dxe5 Ng4 4. Nf3 Bc5 5. e3 Nc6 6. Nbd2 O-O 7. b3 Ngxe5 8.
Bb2 d6 9. a3 a5 10. Be2 Bf5 11. O-O Qe7 12. Nd4 Bg6 13. N2f3 Rae8 14. Re1 Kh8
15. Qd2 Bb6 16. Bc3 Ra8 17. Rad1 f6 18. Nb5 a4 19. b4 Bf7 20. Bxe5 fxe5 21. Nc3
e4 22. Nd4 Ne5 23. Nd5 Bxd5 24. cxd5 Qf7 25. Rf1 Qxd5 26. Qc2 Ng6 27. Bc4 Qe5
28. Nb5 Rae8 29. Nc3 Nh4 30. Rd5 Qf6 31. Rh5 Nf3+ 32. Kh1 Qg6 33. Rh3 Ng5 34.
Rg3 c6 35. Nxe4 Qxe4 36. Bd3 Qe7 37. f4 Ne4 38. Rh3 d5 39. Rff3 g6 40. Rh6 Qg7
41. Rh4 Qa1+ 42. Rf1 Qxa3 43. Qe2 Qxb4 44. Qg4 Qd6 45. Qh3 Rf7 46. f5 g5 47.
Rh6 Qe5 48. Qh5 Ref8 49. f6 a3 50. Rg6 a2 51. Qh6 Rg8 52. Bxe4 dxe4 0-1

[Event "11th European Club Cup for Wom"]
[Site "?"]
[Date "2006.10.13"]
[Round "6"]
[White "Horn, Emilia"]
[Black "Svaljek, Radmila"]
[Result "1/2-1/2"]
[WhiteElo "2081"]
[BlackElo "2055"]
[PlyCount "49"]
[EventDate "2006.10.08"]

1. e4 e6 2. d4 d5 3. Nc3 dxe4 4. Nxe4 Bd7 5. Nf3 Bc6 6. Bd3 Bxe4 7. Bxe4 c6 8.
c3 Nf6 9. Bc2 Nbd7 10. Qe2 Be7 11. O-O O-O 12. Re1 Re8 13. Ne5 Nf8 14. Bd2 Qc7
15. Rad1 c5 16. Bg5 Red8 17. dxc5 Qxc5 18. Rxd8 Rxd8 19. Bb3 Qb6 20. h3 a6 21.
Qf3 Qc7 22. Nc4 Ng6 23. Be3 Nd5 24. Bd4 Bf6 25. Bxf6 1/2-1/2

[Event "11th European Club Cup for Wom"]
[Site "?"]
[Date "2006.10.13"]
[Round "6"]
[White "Mijatovic, Andrea"]
[Black "Miloradovic, Jelena"]
[Result "0-1"]
[WhiteElo "1900"]
[BlackElo "2105"]
[PlyCount "40"]
[EventDate "2006.10.08"]

1. e4 b6 2. d4 Bb7 3. Nc3 e6 4. Bd3 Nf6 5. f3 c5 6. Be3 cxd4 7. Bxd4 Nc6 8. Bf2
Bb4 9. Nge2 d5 10. O-O O-O 11. exd5 Nxd5 12. Nxd5 Qxd5 13. Bg3 Rfd8 14. Kh1
Rac8 15. a3 Be7 16. Qe1 Bf6 17. Nf4 Qg5 18. Rb1 Nd4 19. c3 Nf5 20. Bf2 Qxf4 0-1

[Event "11th European Club Cup for Wom"]
[Site "?"]
[Date "2006.10.14"]
[Round "7"]
[White "Chiburdanidze, Maia"]
[Black "Kovalevskaya, Ekaterina"]
[Result "1/2-1/2"]
[WhiteElo "2504"]
[BlackElo "2434"]
[PlyCount "25"]
[EventDate "2006.10.08"]

1. d4 Nf6 2. Nf3 e6 3. e3 d5 4. c4 c5 5. cxd5 exd5 6. Bb5+ Nbd7 7. dxc5 Bxc5 8.
O-O O-O 9. b3 Bd6 10. Bb2 Nc5 11. Nbd2 Bf5 12. Be2 Rc8 13. Nd4 1/2-1/2

[Event "11th European Club Cup for Wom"]
[Site "?"]
[Date "2006.10.14"]
[Round "7"]
[White "Lahno, Kateryna"]
[Black "Danielian, Elina"]
[Result "1/2-1/2"]
[WhiteElo "2459"]
[BlackElo "2426"]
[PlyCount "57"]
[EventDate "2006.10.08"]

1. e4 c6 2. d4 d5 3. Nc3 dxe4 4. Nxe4 Bf5 5. Ng3 Bg6 6. Bc4 e6 7. N1e2 Bd6 8.
Nf4 Nf6 9. h4 Bxf4 10. Bxf4 h6 11. Qe2 Nbd7 12. O-O-O Nb6 13. h5 Bh7 14. Bd3
Bxd3 15. Rxd3 Nfd5 16. Bd2 Nc4 17. Ne4 Nxd2 18. Qxd2 Nf6 19. f3 Qe7 20. Rb3
Nxe4 21. fxe4 O-O-O 22. Rd3 Rd7 23. Kb1 Qg5 24. Qe2 Rhd8 25. Rhd1 Qb5 26. Qg4
f5 27. exf5 exf5 28. Qf4 Qd5 29. c3 1/2-1/2

[Event "11th European Club Cup for Wom"]
[Site "?"]
[Date "2006.10.14"]
[Round "7"]
[White "Khurtsidze, Nino"]
[Black "Shumiakina, Tatiana"]
[Result "1/2-1/2"]
[WhiteElo "2419"]
[BlackElo "2363"]
[PlyCount "96"]
[EventDate "2006.10.08"]

1. c4 e5 2. Nc3 Bb4 3. Qc2 Nf6 4. Nf3 Nc6 5. e3 O-O 6. a3 Bxc3 7. Qxc3 d6 8. d3
a5 9. b3 Qe7 10. Bb2 Nd8 11. b4 axb4 12. axb4 Rxa1+ 13. Bxa1 b6 14. Be2 c5 15.
O-O Bb7 16. Bb2 Ne6 17. Ra1 Qc7 18. Ne1 Ra8 19. Rxa8+ Bxa8 20. Qb3 Bb7 21. Bf3
h6 22. b5 Nd7 23. Qa4 Bxf3 24. Nxf3 Qb7 25. Nd2 Nf6 26. Qa6 Qb8 27. Nb1 Nc7 28.
Qa1 Ne6 29. Nc3 Nc7 30. h3 Qb7 31. Ne2 Qa8 32. Qxa8+ Nxa8 33. f4 Nd7 34. Nc3
Nc7 35. Kf2 exf4 36. exf4 f5 37. Na4 Kf7 38. d4 g6 39. dxc5 Nxc5 40. Nxc5 dxc5
41. g4 Ne8 42. Be5 Ke6 43. Kg3 fxg4 44. Kxg4 Nf6+ 45. Kf3 Ne8 46. Kg4 Nf6+ 47.
Kf3 Ne8 48. Kg4 Nf6+ 1/2-1/2

[Event "11th European Club Cup for Wom"]
[Site "?"]
[Date "2006.10.14"]
[Round "7"]
[White "Kochetkova, Julia"]
[Black "Aginian, Nelly"]
[Result "1/2-1/2"]
[WhiteElo "2342"]
[BlackElo "2274"]
[PlyCount "62"]
[EventDate "2006.10.08"]

1. e4 e6 2. d4 d5 3. Nd2 c5 4. exd5 exd5 5. Ngf3 Nf6 6. Bb5+ Bd7 7. Bxd7+ Nbxd7
8. O-O Be7 9. Re1 O-O 10. dxc5 Nxc5 11. Nf1 Re8 12. Be3 Ne6 13. c3 a6 14. Bd4
Rc8 15. Ne3 Nxd4 16. Nxd4 Bc5 17. Ndf5 g6 18. Nh6+ Kg7 19. Nhg4 d4 20. cxd4
Bxd4 21. Qb3 Nxg4 22. Nxg4 Qb6 23. Qxb6 Bxb6 24. Rxe8 Rxe8 25. Kf1 h5 26. Ne3
Bxe3 27. Re1 Rc8 28. Rxe3 Rc1+ 29. Re1 Rc2 30. Re2 Rc1+ 31. Re1 Rc2 1/2-1/2

[Event "11th European Club Cup for Wom"]
[Site "?"]
[Date "2006.10.14"]
[Round "7"]
[White "Pogonina, Natalija"]
[Black "Dzagnidze, Nana"]
[Result "1-0"]
[WhiteElo "2421"]
[BlackElo "2432"]
[PlyCount "107"]
[EventDate "2006.10.08"]

1. e4 c5 2. Nf3 d6 3. d4 cxd4 4. Nxd4 Nf6 5. Nc3 a6 6. Be2 e5 7. Nb3 Be7 8. Be3
Be6 9. O-O O-O 10. Qd2 Nbd7 11. a4 Rc8 12. a5 Qc7 13. Rfc1 Qc6 14. Bf3 Bc4 15.
Qd1 Rfe8 16. Nd2 Be6 17. Nf1 Nf8 18. Nd5 Bxd5 19. exd5 Qb5 20. b3 e4 21. c4 Qd7
22. Be2 Ng6 23. b4 Ne5 24. h3 h5 25. Qd4 Bf8 26. Rd1 g6 27. Rac1 Bg7 28. Qb2
Rcd8 29. Qa2 h4 30. Qb3 Qf5 31. Bb6 Rd7 32. Ne3 Qf4 33. Nc2 Nh5 34. Be3 Qf6 35.
Bxh5 gxh5 36. Ne1 Kh8 37. c5 Rg8 38. c6 Re7 39. b5 axb5 40. Qxb5 bxc6 41. dxc6
Qf5 42. Qd5 Bf6 43. c7 Ree8 44. Kf1 Bg5 45. Bxg5 Rxg5 46. Rc3 Rg6 47. Rdc1 Rf6
48. Qd4 Rc8 49. a6 Nd7 50. Rc6 Kh7 51. a7 Qa5 52. Qxe4+ Kg8 53. Qd4 Qa3 54. Ra1
1-0

[Event "11th European Club Cup for Wom"]
[Site "?"]
[Date "2006.10.14"]
[Round "7"]
[White "Javakhishvili, Lela"]
[Black "Paehtz, Elisabeth"]
[Result "1/2-1/2"]
[WhiteElo "2416"]
[BlackElo "2449"]
[PlyCount "53"]
[EventDate "2006.10.08"]

1. d4 e6 2. c4 Bb4+ 3. Bd2 a5 4. Nf3 d6 5. g3 Nc6 6. Bg2 e5 7. O-O Nxd4 8. Nxd4
exd4 9. Bxb4 axb4 10. Qxd4 Nf6 11. a3 Qe7 12. Qd2 c5 13. b3 O-O 14. Ra2 Qe5 15.
axb4 Rxa2 16. Qxa2 cxb4 17. Qd2 Qc5 18. Rd1 Rd8 19. Qf4 b5 20. Qd4 Qxd4 21.
Rxd4 bxc4 22. Rxc4 Ba6 23. Rxb4 Bxe2 24. Nc3 Bg4 25. Rd4 Be6 26. b4 d5 27. h3
1/2-1/2

[Event "11th European Club Cup for Wom"]
[Site "?"]
[Date "2006.10.14"]
[Round "7"]
[White "Kovanova, Baira"]
[Black "Gvetadze, Sopio"]
[Result "1/2-1/2"]
[WhiteElo "2303"]
[BlackElo "2396"]
[PlyCount "68"]
[EventDate "2006.10.08"]

1. e4 c5 2. Nf3 Nc6 3. Bb5 g6 4. O-O Bg7 5. Re1 Nf6 6. e5 Nd5 7. Nc3 Nc7 8.
Bxc6 dxc6 9. Ne4 Ne6 10. d3 O-O 11. Be3 b6 12. Qd2 a5 13. Bh6 Ra7 14. Bxg7 Kxg7
15. Neg5 h6 16. Nxe6+ Bxe6 17. Qf4 Qd5 18. a3 c4 19. dxc4 Qxc4 20. Nd4 c5 21.
Nxe6+ Qxe6 22. Rad1 Rd7 23. Rxd7 Qxd7 24. g3 Qd5 25. c4 Qd3 26. Kg2 Qc2 27. Qc1
Qxc1 28. Rxc1 Rd8 29. Rc3 a4 30. b3 Ra8 31. bxa4 Rxa4 32. Rb3 Rxc4 33. Rxb6 Rd4
34. Rc6 Ra4 1/2-1/2

[Event "11th European Club Cup for Wom"]
[Site "?"]
[Date "2006.10.14"]
[Round "7"]
[White "Lomineishvili, Maia"]
[Black "Sharevich, Anna"]
[Result "1-0"]
[WhiteElo "2382"]
[BlackElo "2308"]
[PlyCount "227"]
[EventDate "2006.10.08"]

1. d4 d5 2. c4 e6 3. Nc3 Be7 4. Nf3 Nf6 5. Bg5 h6 6. Bh4 O-O 7. e3 b6 8. Bd3
Bb7 9. O-O c5 10. cxd5 exd5 11. Rc1 Nbd7 12. b3 g6 13. Qe2 a6 14. Rfd1 Nh5 15.
Bxe7 Qxe7 16. Qb2 Rac8 17. Ne2 Rfe8 18. Ng3 Nhf6 19. Qe2 b5 20. dxc5 Nxc5 21.
Nd4 h5 22. h3 h4 23. Nf1 Nce4 24. Qb2 Nd7 25. Rxc8 Rxc8 26. Rc1 Ndc5 27. Bb1 b4
28. Ne2 Re8 29. Qd4 Ne6 30. Qb6 Rc8 31. Rxc8+ Bxc8 32. Bxe4 dxe4 33. Nd2 Qc5
34. Qb8 Qc2 35. Nxe4 Qxe4 36. Qxc8+ Kg7 37. Qxa6 Qb1+ 38. Kh2 Qf1 39. f4 Qf2
40. Qd3 Kh7 41. Qc4 Qxe3 42. f5 Qe5+ 43. Kh1 Qxf5 44. Qxh4+ Kg7 45. Qxb4 Qb1+
46. Kh2 Qxa2 47. Qc3+ Kg8 48. Ng3 Qa8 49. Qe3 Qb8 50. Kg1 Qb4 51. Ne4 Qa5 52.
Nf6+ Kg7 53. Ng4 Kf8 54. Ne5 Kg7 55. Nc6 Qa6 56. Qc3+ f6 57. Kh2 Qb6 58. b4 Qb5
59. Na5 Qd5 60. Nb3 Qd6+ 61. Kg1 Qd1+ 62. Kf2 Qd5 63. Qe3 g5 64. Nc5 Qf5+ 65.
Kg1 Qb1+ 66. Kh2 Nxc5 67. Qxc5 Qe4 68. b5 Qf4+ 69. Kg1 g4 70. hxg4 Qxg4 71. b6
Qe4 72. Qc7+ Kg6 73. Qg3+ Kf7 74. Qb3+ Kf8 75. Kf2 Qf4+ 76. Ke1 Qe4+ 77. Kd1
Qd4+ 78. Kc2 Qf2+ 79. Kc3 Qe3+ 80. Kb2 Qd2+ 81. Ka1 Qa5+ 82. Kb1 Qe1+ 83. Kc2
Qf2+ 84. Kd3 Qf5+ 85. Ke2 Qe5+ 86. Qe3 Qb5+ 87. Kf2 Qf5+ 88. Kg1 Qb1+ 89. Kh2
Qb5 90. Qd4 Kf7 91. Kg3 Qg5+ 92. Kf3 Qb5 93. Ke3 Kg7 94. g4 Qb3+ 95. Kf4 Qb5
96. Ke4 Qc6+ 97. Kd3 Qb5+ 98. Kc3 Qa5+ 99. Kc4 Qa2+ 100. Kb5 Qe2+ 101. Kc6 Qc2+
102. Kb7 Qg2+ 103. Kb8 Qh2+ 104. Kc8 Qc2+ 105. Kd8 Qb3 106. g5 Kg6 107. Qxf6+
Kh5 108. g6 Qd5+ 109. Kc7 Qc5+ 110. Kb8 Kh6 111. b7 Qb5 112. g7+ Kh7 113. Qe7
Qa4 114. Qf7 1-0

[Event "11th European Club Cup for Wom"]
[Site "?"]
[Date "2006.10.14"]
[Round "7"]
[White "Kosintseva, Tatiana"]
[Black "Cramling, Pia"]
[Result "1/2-1/2"]
[WhiteElo "2458"]
[BlackElo "2528"]
[PlyCount "105"]
[EventDate "2006.10.08"]

1. e4 c5 2. Nf3 e6 3. d4 cxd4 4. Nxd4 a6 5. Bd3 g6 6. O-O Bg7 7. c3 d6 8. f4
Nf6 9. Nd2 O-O 10. N2f3 Nbd7 11. Qe2 e5 12. fxe5 Nxe5 13. Bc2 Qb6 14. Kh1 Bg4
15. Qf2 Rae8 16. Nxe5 dxe5 17. Nf3 Qxf2 18. Rxf2 Bd7 19. Re2 Bb5 20. Re1 Bc6
21. Bg5 Nd7 22. Rad1 Rc8 23. Bb3 Rfe8 24. Be3 h6 25. Bd5 Bxd5 26. Rxd5 Nf6 27.
Rxe5 Nxe4 28. Rd5 Nf6 29. Rdd1 Re6 30. Bd4 Rce8 31. Rxe6 Rxe6 32. Kg1 Ne4 33.
Bxg7 Kxg7 34. Rd7 Rb6 35. Re7 Nd6 36. b3 Kf6 37. Re2 Nf5 38. g4 Ne7 39. h4 Nd5
40. g5+ hxg5 41. hxg5+ Kf5 42. c4 Nf4 43. Re7 Kg4 44. Ne5+ Kxg5 45. Rxf7 Re6
46. Nf3+ Kg4 47. Nh2+ Kg3 48. Nf1+ Kf3 49. Nh2+ Kg3 50. Nf1+ Kf3 51. Nh2+ Kg3
52. Nf1+ Kf3 53. Nh2+ 1/2-1/2

[Event "11th European Club Cup for Wom"]
[Site "?"]
[Date "2006.10.14"]
[Round "7"]
[White "Chelushkina, Irina"]
[Black "Kosintseva, Nadezhda"]
[Result "1/2-1/2"]
[WhiteElo "2353"]
[BlackElo "2493"]
[PlyCount "84"]
[EventDate "2006.10.08"]

1. g3 Nf6 2. Bg2 d5 3. Nf3 e6 4. O-O Be7 5. d3 O-O 6. Nbd2 c5 7. e4 Nc6 8. Re1
b5 9. a4 b4 10. exd5 Nxd5 11. Nc4 Bb7 12. a5 a6 13. h4 Qc7 14. Bg5 Rad8 15.
Bxe7 Ndxe7 16. c3 Nf5 17. Qe2 Nd6 18. Ng5 bxc3 19. bxc3 Nb5 20. Qe4 g6 21. h5
Nxc3 22. Qh4 Nd4 23. Nxh7 Bxg2 24. Nf6+ Kg7 25. Kxg2 Qb7+ 26. Ne4 Nxe4 27. dxe4
f6 28. Rab1 Qf7 29. hxg6 Qxg6 30. Rb7+ Rf7 31. Rxf7+ Qxf7 32. Rh1 Kf8 33. Rb1
Nb5 34. Ne5 Qg7 35. Rc1 Rc8 36. Ng4 Kf7 37. e5 f5 38. Nh6+ Ke8 39. Rd1 Nd4 40.
Rb1 Nb5 41. Rd1 Nd4 42. Rb1 Nb5 1/2-1/2

[Event "11th European Club Cup for Wom"]
[Site "?"]
[Date "2006.10.14"]
[Round "7"]
[White "Muzychuk, Anna"]
[Black "Benderac, Ana"]
[Result "1-0"]
[WhiteElo "2452"]
[BlackElo "2314"]
[PlyCount "107"]
[EventDate "2006.10.08"]

1. e4 e5 2. Nf3 d6 3. d4 exd4 4. Nxd4 Nf6 5. Nc3 Be7 6. Bf4 O-O 7. Qd2 Nc6 8.
O-O-O Nxd4 9. Qxd4 Be6 10. Bc4 Nd7 11. Nd5 Bxd5 12. Bxd5 Bg5 13. Qd2 Bxf4 14.
Qxf4 Qc8 15. Rhe1 a5 16. Re3 Ne5 17. a3 Qg4 18. Qg3 Qxg3 19. Rxg3 Rab8 20. Rc3
Rfc8 21. f4 Ng6 22. g3 Kf8 23. h4 c6 24. Bc4 Ke7 25. Be2 Nf8 26. Re3 Rd8 27. e5
d5 28. f5 Nd7 29. c4 dxc4 30. Bxc4 Nb6 31. f6+ Kf8 32. fxg7+ Kxg7 33. Bd3 Rd5
34. Bc2 Rc5 35. Rd4 Re8 36. Rb3 Nd5 37. Rg4+ Kf8 38. Re4 b5 39. Rf3 Nc7 40. Rf5
a4 41. Rh5 Kg7 42. Rxh7+ Kg8 43. Rg4+ Kf8 44. Rh8+ Ke7 45. Rxe8+ Nxe8 46. h5 f5
47. Rh4 Kf8 48. Rf4 Rxe5 49. Rxf5+ Rxf5 50. Bxf5 Nf6 51. h6 c5 52. g4 b4 53. g5
bxa3 54. bxa3 1-0

[Event "11th European Club Cup for Wom"]
[Site "?"]
[Date "2006.10.14"]
[Round "7"]
[White "Nebolsina, Vera"]
[Black "Johansson, Viktoria"]
[Result "1-0"]
[WhiteElo "2349"]
[BlackElo "2234"]
[PlyCount "81"]
[EventDate "2006.10.08"]

1. e4 c5 2. c3 Nf6 3. e5 Nd5 4. Nf3 Nc6 5. d4 cxd4 6. cxd4 d6 7. Bc4 Nb6 8. Bb5
Bd7 9. exd6 e6 10. Bg5 Qb8 11. Nc3 Bxd6 12. a3 O-O 13. O-O Ne7 14. Bd3 Ng6 15.
Re1 Bc6 16. Ne4 Bf4 17. g3 Bc7 18. h4 f6 19. Bd2 f5 20. Neg5 Bxg3 21. Qe2 Nxh4
22. Nxh4 Bxh4 23. Nxe6 Rf6 24. Nf4 Bg5 25. Nh5 Rg6 26. Bxf5 Bxd2+ 27. Bxg6 hxg6
28. Qe6+ Kh7 29. Nf6+ Kh8 30. d5 Nxd5 31. Nxd5 Bxd5 32. Qxd5 Bxe1 33. Rxe1 Qd8
34. Qxb7 Rb8 35. Qe7 Qd5 36. Re3 Rc8 37. Qe4 Rc1+ 38. Kg2 Qg5+ 39. Rg3 Qd8 40.
Rh3+ Kg8 41. Qe6+ 1-0

[Event "11th European Club Cup for Wom"]
[Site "?"]
[Date "2006.10.14"]
[Round "7"]
[White "Jiretorn, Eva"]
[Black "Klipper, Rebecca"]
[Result "1-0"]
[WhiteElo "2109"]
[BlackElo "2054"]
[PlyCount "93"]
[EventDate "2006.10.08"]

1. d4 d5 2. Nf3 c5 3. dxc5 e6 4. c4 Nf6 5. cxd5 Bxc5 6. Nc3 exd5 7. e3 O-O 8.
Be2 Nc6 9. O-O Bb6 10. Nd4 Nxd4 11. exd4 Ne4 12. Bf3 Bf5 13. Be3 Rc8 14. Qb3
Nxc3 15. bxc3 Be6 16. Rfe1 Qc7 17. Rac1 Rfd8 18. g3 Qc4 19. h4 Rd7 20. Bf4 Ba5
21. Qa3 Bc7 22. Bxc7 Rdxc7 23. Be2 Qc6 24. Qxa7 b6 25. Qa3 Ra8 26. Qb3 Rca7 27.
Bb5 Qd6 28. a4 Bf5 29. Re5 Be4 30. c4 Qg6 31. cxd5 f6 32. d6+ Kf8 33. Re6 Qf5
34. d7 Bd5 35. Re8+ Kf7 36. Bc4 Rxe8 37. Bxd5+ Ke7 38. dxe8=Q+ Kxe8 39. Re1+
Re7 40. Be6 Qa5 41. Qb5+ Qxb5 42. axb5 Kd8 43. d5 g6 44. d6 Re8 45. f4 f5 46.
Kf2 Rf8 47. Rc1 1-0

[Event "11th European Club Cup for Wom"]
[Site "?"]
[Date "2006.10.14"]
[Round "7"]
[White "Steil Antoni, Fiona"]
[Black "Horn, Emilia"]
[Result "0-1"]
[WhiteElo "2029"]
[BlackElo "2081"]
[PlyCount "112"]
[EventDate "2006.10.08"]

1. e4 e5 2. Nf3 Nc6 3. d4 exd4 4. Bc4 Nf6 5. O-O Nxe4 6. Re1 d5 7. Bxd5 Qxd5 8.
Nc3 Qh5 9. Nxe4 Be6 10. Bg5 Bd6 11. h4 h6 12. Bf6 O-O 13. Nxd6 cxd6 14. Bxd4
Bg4 15. Bc3 Bxf3 16. Qxf3 Qxf3 17. gxf3 Rfe8 18. Kg2 Re6 19. Re4 Rae8 20. Rae1
d5 21. Rxe6 fxe6 22. Be5 Nb4 23. c3 Nd3 24. Re2 Kf7 25. f4 Rc8 26. Re3 Nxb2 27.
Re1 b6 28. Kg3 h5 29. Bd4 g6 30. Kf3 Rc6 31. Rb1 Nc4 32. Ke2 Nd6 33. a4 Nf5 34.
Be5 Nxh4 35. a5 Nf5 36. axb6 Rxb6 37. Ra1 a6 38. Kd3 Nd6 39. Bd4 Rc6 40. Rb1
Nb5 41. Be5 Rc8 42. Ra1 Ra8 43. Rb1 Ra7 44. Rg1 a5 45. Rb1 Na3 46. Rb8 Nc4 47.
Bd4 Ra6 48. Rb7+ Ke8 49. Rg7 a4 50. Rxg6 a3 51. Rg1 a2 52. Ra1 Kf7 53. f3 h4
54. Bf2 h3 55. Bg3 Ra8 56. Kc2 Rg8 0-1

[Event "11th European Club Cup for Wom"]
[Site "?"]
[Date "2006.10.14"]
[Round "7"]
[White "Medic, Mirjana"]
[Black "Botvinnik, Irina"]
[Result "0-1"]
[WhiteElo "2285"]
[BlackElo "2208"]
[PlyCount "94"]
[EventDate "2006.10.08"]

1. d4 d5 2. Nf3 Nf6 3. e3 e6 4. Bd3 Nbd7 5. O-O Bd6 6. c4 c6 7. Nc3 O-O 8. e4
dxe4 9. Nxe4 Nxe4 10. Bxe4 h6 11. Re1 Re8 12. Bc2 Nf8 13. Ne5 Bd7 14. c5 Bc7
15. Re3 Re7 16. Rh3 Be8 17. Ng4 f5 18. Bxh6 Rd7 19. Be3 f4 20. Bc1 Rxd4 21. Rd3
Rxd3 22. Qxd3 Qg5 23. Qe2 Qxc5 24. Bb3 Qd4 25. Bd2 Qxb2 26. Qe1 Qd4 27. Bc3 Qd3
28. Bb4 Bf7 29. Rd1 Qf5 30. h3 c5 31. Bc3 b5 32. Qe2 c4 33. Bc2 Qg5 34. Qf3 Rd8
35. Rxd8 Qxd8 36. Nf6+ gxf6 37. Qg4+ Kh8 38. Qh4+ Kg7 39. Qg4+ Bg6 40. h4 Qd5
41. Bxg6 Nxg6 42. h5 Qf5 43. Qxf5 exf5 44. hxg6 a5 45. Kf1 b4 46. Bd4 Be5 47.
Bc5 b3 0-1

[Event "11th European Club Cup for Wom"]
[Site "?"]
[Date "2006.10.14"]
[Round "7"]
[White "Vovinkina, Natalia"]
[Black "Kruljac, Petra"]
[Result "1-0"]
[WhiteElo "2203"]
[BlackElo "2033"]
[PlyCount "61"]
[EventDate "2006.10.08"]

1. d4 d5 2. Bf4 Nf6 3. e3 c5 4. Nc3 a6 5. dxc5 e6 6. Na4 Bxc5 7. Nxc5 Qa5+ 8.
c3 Qxc5 9. Qd4 Qxd4 10. exd4 Nc6 11. a4 b6 12. Bd3 Bb7 13. Nf3 Rc8 14. O-O O-O
15. Ne5 h6 16. Rfe1 Rfd8 17. f3 Ne8 18. Re2 Nd6 19. Bb1 Na5 20. Bc2 Nac4 21.
Nd3 Rd7 22. g4 Ne8 23. h4 a5 24. Rg2 Ba6 25. Re1 Ncd6 26. Ne5 Rb7 27. g5 hxg5
28. hxg5 g6 29. Rh2 Nf5 30. Ng4 Neg7 31. Nf6+ 1-0